[Event "M.Chigorin Memorial 2017 "]
[Site "?????-?????????"]
[Date "2017.10.26"]
[Round "6"]
[Board "34"]
[White "Vaishali, R"]
[Black "Bodnaruk, Anastasia"]
[Result "1/2-1/2"]
[WhiteElo "2330"]
[BlackElo "2432"]
[PlyCount "123"]
[EventDate "2017.10.21"]
[EventRounds "9"]
[EventCountry "RUS"]

1. e4 c5 2. Nf3 e6 3. g3 d5 4. exd5 exd5 5. d4 Nf6 6. Bg2 Be7 7. dxc5 O-O 8.
O-O Na6 9. Nc3 Nxc5 10. h3 Nce4 11. Nb5 Qb6 12. Nbd4 a5 13. a4 Bc5 14. c3 Re8
15. g4 h5 16. g5 Nh7 17. Qb3 Nhxg5 18. Bxg5 Bxd4 19. Nxd4 Qxb3 20. Nxb3 Nxg5
21. h4 Ne4 22. Rad1 Nf6 23. Rfe1 Rxe1+ 24. Rxe1 Bd7 25. Nc5 Bc6 26. b3 Kf8 27.
Nd3 Re8 28. Rxe8+ Kxe8 29. f3 Ke7 30. Kf2 Kd6 31. Ke3 b5 32. axb5 Bxb5 33. Ne1
Ng8 34. Nc2 Ne7 35. Nd4 Bd7 36. Kf4 f6 37. Bf1 g5+ 38. hxg5 Ng6+ 39. Kg3 fxg5
40. Bb5 Bc8 41. Be8 Nf4 42. b4 axb4 43. cxb4 h4+ 44. Kh2 Nd3 45. b5 Ne1 46. b6
Bb7 47. Kh1 Nd3 48. Kh2 Nf4 49. Nb3 Ne6 50. Na5 Nc5 51. Bb5 d4 52. Nxb7+ Nxb7
53. Kh3 Nc5 54. f4 gxf4 55. Kxh4 Ke5 56. Kg4 Nb7 57. Bc6 Nc5 58. b7 Na6 59. Bb5
Nb8 60. Kf3 Kf5 61. Bd3+ Ke5 62. Bb5  1/2-1/2

[Event "M.Chigorin Memorial 2017 "]
[Site "?????-?????????"]
[Date "2017.10.26"]
[Round "6"]
[Board "35"]
[White "Soumya, Swaminathan"]
[Black "Gogolev, Artem"]
[Result "1/2-1/2"]
[WhiteElo "2320"]
[BlackElo "2427"]
[PlyCount "82"]
[EventDate "2017.10.21"]
[EventRounds "9"]
[EventCountry "RUS"]

1. d4 Nf6 2. c4 c5 3. d5 b5 4. Qc2 bxc4 5. e4 d6 6. Bxc4 g6 7. h3 Bg7 8. Nf3
O-O 9. O-O Ba6 10. Na3 Nfd7 11. Bf4 Bxc4 12. Nxc4 Nb6 13. Ne3 N8d7 14. Rad1 Qc8
15. b3 Qa6 16. Rfe1 Rfc8 17. Ng4 c4 18. e5 cxb3 19. Qxb3 Nc5 20. Qe3 Qxa2 21.
Nh6+ Bxh6 22. Bxh6 Nxd5 23. Qd4 Nc7 24. exd6 N7e6 25. Qh4 exd6 26. Qf6 Qc2 27.
Rxd6 Qf5 28. Qa1 Qh5 29. Be3 a5 30. Qa2 Qf5 31. Rd5 Qf6 32. Rc1 Ne4 33. Rxc8+
Rxc8 34. Rxa5 h5 35. Ra8 Qd8 36. Rxc8 Qxc8 37. Qa7 Nd6 38. Ne5 Qb7 39. Qxb7
Nxb7 40. g4 hxg4 41. hxg4 Nd6  1/2-1/2

[Event "M.Chigorin Memorial 2017 "]
[Site "?????-?????????"]
[Date "2017.10.26"]
[Round "6"]
[Board "36"]
[White "Dai, Changren"]
[Black "Moksh, Amit Doshi"]
[Result "1-0"]
[WhiteElo "2425"]
[BlackElo "2222"]
[PlyCount "53"]
[EventDate "2017.10.21"]
[EventRounds "9"]
[EventCountry "RUS"]

1. e4 c5 2. Nf3 d6 3. d4 cxd4 4. Nxd4 Nf6 5. Nc3 a6 6. Be3 e5 7. Nb3 Be6 8. Qd2
Be7 9. f4 b5 10. O-O-O Nbd7 11. f5 Bc4 12. Kb1 O-O 13. g4 Nxg4 14. Rg1 Nxe3 15.
Qxe3 Bxf1 16. Qh6 Bf6 17. Rdxf1 Kh8 18. Qh5 Nb6 19. Rf3 h6 20. Rh3 Kh7 21. Nd1
d5 22. Nf2 dxe4 23. Rd1 Nd7 24. Ng4 Bg5 25. Rxd7 Qxd7 26. Qxg5 Qd1+ 27. Nc1  1-0

[Event "M.Chigorin Memorial 2017 "]
[Site "?????-?????????"]
[Date "2017.10.26"]
[Round "6"]
[Board "37"]
[White "Smirnov, Timofey"]
[Black "Vlasenko, Miroslav"]
[Result "1-0"]
[WhiteElo "2294"]
[BlackElo "2423"]
[PlyCount "99"]
[EventDate "2017.10.21"]
[EventRounds "9"]
[EventCountry "RUS"]

1. e4 Nc6 2. Nf3 d6 3. d4 Nf6 4. Nc3 g6 5. h3 Bg7 6. Be3 O-O 7. Qd2 a6 8. Bh6
b5 9. Bd3 Nb4 10. Bxg7 Nxd3+ 11. cxd3 Kxg7 12. O-O Bb7 13. b4 Re8 14. Rac1 e5
15. Ne2 c6 16. Qc3 Qe7 17. Nd2 Nd7 18. Nb3 Rac8 19. dxe5 Qxe5 20. f3 c5 21.
bxc5 dxc5 22. Qxe5+ Rxe5 23. Rc3 f5 24. Rfc1 fxe4 25. fxe4 c4 26. dxc4 b4 27.
Rd3 Nf6 28. Ng3 h5 29. Nd2 Ra5 30. Rd4 Rc7 31. Rc2 Ra3 32. Ne2 a5 33. e5 Nd7
34. Nf4 Nc5 35. Nb3 Nxb3 36. axb3 Re7 37. Rb2 Bc8 38. Re4 Ra1+ 39. Kf2 Bb7 40.
Rd4 g5 41. Nxh5+ Kf7 42. Re2 Bc8 43. Nf6 a4 44. bxa4 b3 45. Rdd2 Rxa4 46. Ne4
Rxe5 47. Nd6+ Kf6 48. Nxc8 Rf5+ 49. Kg3 Rxc4 50. Nd6  1-0

[Event "M.Chigorin Memorial 2017 "]
[Site "?????-?????????"]
[Date "2017.10.26"]
[Round "6"]
[Board "38"]
[White "Duzhakov, Ilya"]
[Black "Shpartko, Grigory"]
[Result "1-0"]
[WhiteElo "2423"]
[BlackElo "2216"]
[PlyCount "75"]
[EventDate "2017.10.21"]
[EventRounds "9"]
[EventCountry "RUS"]

1. d4 d6 2. e4 Nd7 3. Nc3 c5 4. Nf3 g6 5. Bc4 e6 6. O-O a6 7. a4 b6 8. Qe2 Bg7
9. Rd1 Bb7 10. Bf4 cxd4 11. Nxd4 Ne5 12. Bb3 Qe7 13. Nf3 Rc8 14. Nxe5 Bxe5 15.
Bxe5 dxe5 16. Bc4 Nf6 17. Bxa6 Bxa6 18. Qxa6 O-O 19. Qb5 Qc7 20. Rd3 Rfd8 21.
Rad1 Rf8 22. f3 Kh8 23. R1d2 g5 24. h3 h5 25. Rd6 Nd5 26. exd5 Qxd6 27. Ne4 Qb8
28. dxe6 fxe6 29. Rd6 Rf5 30. g4 Rc5 31. Qxb6 Qg8 32. Qxc5 hxg4 33. hxg4 Qf8
34. gxf5 exf5 35. Qxe5+ Kh7 36. Nxg5+ Kg8 37. Rg6+ Qg7 38. Qe8#  1-0

[Event "M.Chigorin Memorial 2017 "]
[Site "?????-?????????"]
[Date "2017.10.26"]
[Round "6"]
[Board "39"]
[White "Dimitrova, Aleksandra"]
[Black "Liu, Yan"]
[Result "0-1"]
[WhiteElo "2262"]
[BlackElo "2422"]
[PlyCount "76"]
[EventDate "2017.10.21"]
[EventRounds "9"]
[EventCountry "RUS"]

1. e4 c5 2. Nf3 d6 3. d4 cxd4 4. Nxd4 Nf6 5. Nc3 a6 6. Be3 e5 7. Nb3 Be6 8. h3
Be7 9. Qf3 O-O 10. O-O-O b5 11. g4 b4 12. Nd5 Nxd5 13. exd5 Bc8 14. Bd3 a5 15.
Nd2 Ba6 16. Qe4 Bxd3 17. Qxd3 Nd7 18. Kb1 a4 19. Nc4 Qc7 20. b3 Rfe8 21. f3 Bf6
22. Qe4 g6 23. Nb2 axb3 24. cxb3 Qa5 25. Na4 Bg7 26. Qc2 Rac8 27. Qe2 Rb8 28.
g5 f5 29. h4 Qb5 30. Qh2 Rec8 31. Nb2 Qa6 32. Rc1 Rc3 33. Nc4 f4 34. Bd2 Rxf3
35. Qe2 e4 36. Qxe4 Ra8 37. Qc2 Nc5 38. Nxd6 Rxb3+  0-1

[Event "M.Chigorin Memorial 2017 "]
[Site "?????-?????????"]
[Date "2017.10.26"]
[Round "6"]
[Board "40"]
[White "Ibadov, Dashgyn"]
[Black "Gaifullin, Artur"]
[Result "1/2-1/2"]
[WhiteElo "2213"]
[BlackElo "2414"]
[PlyCount "238"]
[EventDate "2017.10.21"]
[EventRounds "9"]
[EventCountry "RUS"]

1. e4 g6 2. d4 Bg7 3. Nc3 a6 4. f4 b5 5. Nf3 Bb7 6. Bd3 d6 7. O-O Nd7 8. e5 c5
9. Be4 Bxe4 10. Nxe4 cxd4 11. exd6 Qb6 12. Ne5 f5 13. Ng5 Nxe5 14. fxe5 Bxe5
15. d7+ Kxd7 16. Nf7 Bg7 17. Bf4 e6 18. Re1 Ne7 19. Ng5 Rac8 20. Nxe6 Bf6 21.
Kh1 Nd5 22. Qf3 Nxf4 23. Nxf4 Qc6 24. Nd5 Bg5 25. Red1 Ke6 26. Rxd4 Kf7 27. Qg3
Rcd8 28. Rad1 Rhe8 29. h3 Bh6 30. Qb3 Qe6 31. c4 Bg7 32. Nf4 Qe1+ 33. Rxe1
Rxe1+ 34. Kh2 Bxd4 35. cxb5+ Kf6 36. Nd5+ Kg7 37. b6 Be5+ 38. g3 Re2+ 39. Kg1
Rxb2 40. Qc4 h5 41. a4 a5 42. Kf1 Kh6 43. h4 Rd2 44. Ne3 R2d6 45. b7 Rb8 46.
Qc8 Rb6 47. Qc1 Kh7 48. Qc5 Rb1+ 49. Kg2 Rb2+ 50. Kh3 Bg7 51. Nxf5 R8xb7 52.
Nxg7 Rxg7 53. Qxa5 Ra2 54. Qa6 Re7 55. a5 Ree2 56. Qa7+ Kh6 57. Qg1 Re7 58. Qc5
Rf7 59. Qd5 Raf2 60. a6 Rg7 61. Qa5 Rf5 62. Qb6 Rf8 63. Qc6 Kh7 64. Qb6 Rgf7
65. Qc6 Rf6 66. Qc5 R8f7 67. a7 Ra6 68. a8=Q Rxa8 69. Qd5 Raf8 70. Qe6 Rf5 71.
Qe7+ R8f7 72. Qe6 Ra7 73. Qd6 Rff7 74. Qe6 Rf2 75. Qe3 Rfa2 76. Qc5 Rf7 77. Qe5
Rb7 78. Qd5 Rab2 79. Qe4 Rd7 80. Qe6 Rbb7 81. Qe5 Rf7 82. Qd5 Rbe7 83. Qd6 Re2
84. Qd1 Rff2 85. Qh1 Rb2 86. Qg1 Rbc2 87. Qh1 Kh6 88. Qg1 Kh7 89. Qh1 Rb2 90.
Qg1 Kh8 91. Qh1 Kg7 92. Qg1 Kf6 93. Qh1 Ke7 94. Qe4+ Kf6 95. Qc6+ Kg7 96. Qh1
Kh7 97. Qg1 Kg8 98. Qh1 Kg7 99. Qg1 Kf6 100. Qh1 Ke5 101. Qe1+ Kd4 102. Qd1+
Kc5 103. Qc1+ Kb4 104. Qe1+ Rfd2 105. Qe4+ Kb3 106. Qb7+ Kc2 107. Qc6+ Kd1 108.
Qh1+ Ke2 109. Qe4+ Kf1 110. Qf3+ Ke1 111. Qe3+ Kd1 112. Qf3+ Re2 113. Qf1+ Kd2
114. Qg1 Kd3 115. Qf1 Rbd2 116. Qb1+ Rc2 117. Qd1+ Ke3 118. Qg1+ Ke4 119. Qh1+
Ke5  1/2-1/2

[Event "M.Chigorin Memorial 2017 "]
[Site "?????-?????????"]
[Date "2017.10.26"]
[Round "6"]
[Board "41"]
[White "Cherednichenko, Dmitrij"]
[Black "Bryakin, Mikhail"]
[Result "0-1"]
[WhiteElo "2209"]
[BlackElo "2391"]
[PlyCount "120"]
[EventDate "2017.10.21"]
[EventRounds "9"]
[EventCountry "RUS"]

1. e4 c6 2. d4 d5 3. Nc3 dxe4 4. Nxe4 Bf5 5. Ng3 Bg6 6. h4 h6 7. Nf3 Nd7 8. h5
Bh7 9. Bd3 Bxd3 10. Qxd3 e6 11. Bd2 Ngf6 12. O-O-O Be7 13. Rhe1 O-O 14. Qe2 Qc7
15. Ne5 c5 16. Nxd7 Qxd7 17. dxc5 Qa4 18. Kb1 Bxc5 19. Bc3 Qf4 20. Bxf6 Qxf6
21. Ne4 Qe7 22. Qb5 b6 23. Rd7 Qh4 24. Nxc5 Qxh5 25. Rc7 Rfc8 26. Qc6 Qxc5 27.
Qxc5 bxc5 28. Rb7 Rd8 29. Kc1 Rd5 30. Rd1 Rg5 31. g3 Rf5 32. Rd2 g5 33. Kd1 h5
34. Ke2 Kg7 35. Rd3 Kg6 36. Rf3 Re5+ 37. Re3 Rd5 38. Rf3 f6 39. Re7 Rd6 40. Rc7
Ra6 41. Rxc5 Rxa2 42. Rb3 Ra6 43. Rc7 Rh8 44. Kf3 h4 45. gxh4 Rxh4 46. Rbb7 Ra2
47. c4 Kf5 48. Ke3 a5 49. Rb5+ e5 50. Rb6 Re4+ 51. Kd3 Rf4 52. Ke3 Ra4 53. c5
Rae4+ 54. Kd3 Rf3+ 55. Kc2 Rxf2+ 56. Kd3 Rf3+ 57. Kd2 Rc4 58. b3 Rb4 59. Ra6
Rbxb3 60. c6 Rf2+  0-1

[Event "M.Chigorin Memorial 2017 "]
[Site "?????-?????????"]
[Date "2017.10.26"]
[Round "6"]
[Board "43"]
[White "Vastrukhin, Oleg"]
[Black "Garanin, Aleksei"]
[Result "1-0"]
[WhiteElo "2386"]
[BlackElo "2145"]
[PlyCount "103"]
[EventDate "2017.10.21"]
[EventRounds "9"]
[EventCountry "RUS"]

1. g3 Nf6 2. Bg2 g6 3. c4 Bg7 4. Nc3 O-O 5. e3 c5 6. Nge2 Nc6 7. O-O d6 8. b3
Bf5 9. Bb2 Qd7 10. d4 Bh3 11. Bxh3 Qxh3 12. Nf4 Qf5 13. Re1 cxd4 14. exd4 g5
15. Nfd5 Nxd5 16. Nxd5 e6 17. Ne3 Qg6 18. Rb1 Nb4 19. Ba1 h5 20. Qd2 Nc6 21. d5
Ne5 22. Bxe5 Bxe5 23. Rbd1 b6 24. Qd3 Kg7 25. Re2 Qxd3 26. Rxd3 a5 27. a4 Kg6
28. Nc2 Rac8 29. dxe6 fxe6 30. Nd4 Kf6 31. Nf3 Rc5 32. h3 g4 33. Nxe5 Rxe5 34.
Red2 Re1+ 35. Kg2 gxh3+ 36. Kxh3 Rb1 37. Rf3+ Ke7 38. Rxf8 Kxf8 39. Rxd6 Rxb3
40. Rxe6 Rb4 41. Kh4 Rxc4+ 42. Kxh5 Rxa4 43. Rxb6 Ra3 44. Kg4 a4 45. Ra6 Ra1
46. f4 a3 47. Kg5 a2 48. g4 Ke7 49. f5 Kd7 50. f6 Kc7 51. f7 Rf1 52. Kg6  1-0

[Event "M.Chigorin Memorial 2017 "]
[Site "?????-?????????"]
[Date "2017.10.26"]
[Round "6"]
[Board "44"]
[White "Ovod, Evgenija"]
[Black "Ivanov, Platon-Jaan"]
[Result "1-0"]
[WhiteElo "2379"]
[BlackElo "2134"]
[PlyCount "37"]
[EventDate "2017.10.21"]
[EventRounds "9"]
[EventCountry "RUS"]

1. d4 d5 2. c4 c6 3. Nf3 Nf6 4. Nc3 a6 5. e3 b5 6. b3 Bg4 7. Be2 e6 8. h3 Bf5
9. g4 Ne4 10. Nxd5 cxd5 11. gxf5 bxc4 12. bxc4 Qa5+ 13. Kf1 dxc4 14. fxe6 fxe6
15. Ne5 Nd7 16. Bh5+ g6 17. Nxg6 hxg6 18. Bxg6+ Kd8 19. Bxe4  1-0

[Event "M.Chigorin Memorial 2017 "]
[Site "?????-?????????"]
[Date "2017.10.26"]
[Round "6"]
[Board "45"]
[White "Sakaev, Konstantin"]
[Black "Shuvalov, Evgenij"]
[Result "1-0"]
[WhiteElo "2594"]
[BlackElo "2247"]
[PlyCount "107"]
[EventDate "2017.10.21"]
[EventRounds "9"]
[EventCountry "RUS"]

1. d4 d5 2. c4 c5 3. cxd5 Qxd5 4. Nf3 cxd4 5. Nc3 Qa5 6. Nxd4 Nf6 7. g3 e5 8.
Nb3 Qc7 9. Bg5 Bb4 10. Bxf6 gxf6 11. Rc1 Qc6 12. Rg1 Be6 13. Bg2 Qb6 14. Kf1
Nc6 15. Nd5 Qd8 16. Qd3 Be7 17. g4 Kf8 18. Qb5 Rb8 19. Nxe7 Nxe7 20. g5 a6 21.
Qb4 fxg5 22. Nc5 Qd6 23. Qc3 b5 24. Bh3 Bxh3+ 25. Qxh3 Rc8 26. b4 h6 27. Rc3
Kg7 28. Rd3 Qf6 29. Rf3 Qc6 30. Qg4 Ng6 31. h4 gxh4 32. Qf5 Qe8 33. Qf6+ Kg8
34. Rd3 a5 35. bxa5 Rh7 36. a6 Rg7 37. Qb6 Qe7 38. a7 Nf4 39. Rxg7+ Kxg7 40.
Rc3 Rd8 41. Nd3 Qg5 42. Qe3 Qg2+ 43. Ke1 f6 44. Rc7+ Kg6 45. Nxf4+ exf4 46.
Rg7+ Kxg7 47. Qe7+ Kg6 48. Qxd8 Qc6 49. a8=Q Qc3+ 50. Qd2 Qa1+ 51. Qd1 Qc3+ 52.
Kf1 Qh3+ 53. Qg2+ Kh5 54. Qxh3  1-0

[Event "M.Chigorin Memorial 2017 "]
[Site "?????-?????????"]
[Date "2017.10.26"]
[Round "6"]
[Board "46"]
[White "Boruchovsky, Avital"]
[Black "Chernyak, Viktoria"]
[Result "1-0"]
[WhiteElo "2565"]
[BlackElo "2236"]
[PlyCount "79"]
[EventDate "2017.10.21"]
[EventRounds "9"]
[EventCountry "RUS"]

1. e4 c6 2. d4 d5 3. e5 Bf5 4. Nf3 e6 5. Be2 h6 6. O-O Ne7 7. c3 Bh7 8. Na3 Nf5
9. Nc2 Be7 10. b4 O-O 11. a4 a5 12. Ba3 axb4 13. Nxb4 c5 14. dxc5 Bxc5 15. Bd3
b6 16. Qc2 Bg6 17. Rfd1 Qd7 18. Qe2 Ne7 19. Bb5 Qc7 20. Nd4 Nd7 21. Re1 Rfd8
22. Rac1 Be4 23. f3 Bh7 24. Kh1 Ng6 25. Ndc6 Re8 26. Bb2 Nf4 27. Qd2 g5 28. c4
dxc4 29. Rxc4 Nf8 30. Rxf4 gxf4 31. Qxf4 h5 32. Qg3+ Bg6 33. Nd3 Kh7 34. Nf4
Red8 35. Bc1 Rd7 36. Qg5 Bf2 37. Rf1 Rad8 38. Qf6 Rd1 39. Nxh5 Bxh5 40. Bh6  1-0

[Event "M.Chigorin Memorial 2017 "]
[Site "?????-?????????"]
[Date "2017.10.26"]
[Round "6"]
[Board "47"]
[White "Mirzoev, Azer"]
[Black "Korennoi, Viktor"]
[Result "1-0"]
[WhiteElo "2555"]
[BlackElo "2227"]
[PlyCount "117"]
[EventDate "2017.10.21"]
[EventRounds "9"]
[EventCountry "RUS"]

1. d4 Nf6 2. c4 e6 3. Nc3 Bb4 4. Qc2 d5 5. a3 Bxc3+ 6. Qxc3 O-O 7. Bg5 h6 8.
Bh4 dxc4 9. Qxc4 b6 10. Rd1 Ba6 11. Qc2 Nbd7 12. Nf3 Qc8 13. e3 Bxf1 14. Rxf1
c5 15. dxc5 Qxc5 16. Qxc5 Nxc5 17. Bxf6 gxf6 18. Ke2 Rfd8 19. Rxd8+ Rxd8 20.
Rc1 Rd7 21. b4 Ne4 22. g4 Kg7 23. Rc4 Nd6 24. Rc6 Kg6 25. Rc1 Rd8 26. h4 h5 27.
gxh5+ Kxh5 28. Rc7 Nb5 29. Rxf7 Kg6 30. Rb7 e5 31. Nd2 Nxa3 32. Rxa7 Nb5 33.
Ra6 Nc3+ 34. Ke1 b5 35. Ra1 Kh5 36. Rc1 Nd5 37. Ne4 f5 38. Ng3+ Kg4 39. Rd1 Rd7
40. h5 Nf6 41. Rxd7 Nxd7 42. h6 Nf6 43. e4 fxe4 44. Nxe4 Nh7 45. Nd6 Kg5 46.
Nxb5 Kxh6 47. Nd6 Kg5 48. Ke2 Kf4 49. Kd3 Nf6 50. b5 Nd7 51. Kc4 Nb6+ 52. Kc5
Na4+ 53. Kb4 Nb6 54. Nc4 Nd7 55. Nd2 e4 56. Kc4 e3 57. fxe3+ Kxe3 58. Nb3 Ke4
59. Nc5+  1-0

[Event "M.Chigorin Memorial 2017 "]
[Site "?????-?????????"]
[Date "2017.10.26"]
[Round "6"]
[Board "48"]
[White "Ismagambetov, Anuar"]
[Black "Pogorelskikh, Sergey"]
[Result "1-0"]
[WhiteElo "2553"]
[BlackElo "2225"]
[PlyCount "49"]
[EventDate "2017.10.21"]
[EventRounds "9"]
[EventCountry "RUS"]

1. e4 c5 2. Nf3 d6 3. d4 cxd4 4. Nxd4 Nf6 5. Nc3 a6 6. Bg5 e6 7. Qe2 b5 8.
O-O-O Nbd7 9. f4 h6 10. Bh4 b4 11. Nd5 Bb7 12. Nxf6+ gxf6 13. e5 Qa5 14. Kb1
Bd5 15. Nb3 Bxb3 16. cxb3 fxe5 17. f5 Be7 18. fxe6 Bxh4 19. exd7+ Ke7 20. Qh5
Bg5 21. Bc4 Rhf8 22. Rhf1 f6 23. Qg4 f5 24. Rxf5 Rxf5 25. Qxf5  1-0

[Event "M.Chigorin Memorial 2017 "]
[Site "?????-?????????"]
[Date "2017.10.26"]
[Round "6"]
[Board "49"]
[White "Tugarin, Anton"]
[Black "Praggnanandhaa, R"]
[Result "1/2-1/2"]
[WhiteElo "2251"]
[BlackElo "2503"]
[PlyCount "80"]
[EventDate "2017.10.21"]
[EventRounds "9"]
[EventCountry "RUS"]

1. Nf3 Nf6 2. c4 e6 3. g3 d5 4. d4 Bb4+ 5. Bd2 Bd6 6. Nc3 O-O 7. Bg5 c6 8. Bg2
h6 9. Bxf6 Qxf6 10. e4 dxe4 11. Nxe4 Bb4+ 12. Nc3 Nd7 13. O-O Bxc3 14. bxc3 e5
15. c5 exd4 16. cxd4 Rd8 17. Qa4 Nf8 18. Rab1 Ne6 19. Rfd1 Nc7 20. Qa5 Nb5 21.
a4 Bg4 22. axb5 Bxf3 23. Bxf3 Qxf3 24. bxc6 bxc6 25. Qa6 Rd7 26. Rd3 Qe4 27.
Qc4 h5 28. Rbd1 Rad8 29. h4 g6 30. Qc3 Qg4 31. Qe1 Qf5 32. Qe3 Kh7 33. Kg2 Qf6
34. Qe4 Kg7 35. Qe3 Kh7 36. Qe4 Kg7 37. Qe3 Kh7 38. Qe4 Kg7 39. Qe3 Kh7 40. Qe4
Kg7  1/2-1/2

[Event "M.Chigorin Memorial 2017 "]
[Site "?????-?????????"]
[Date "2017.10.26"]
[Round "6"]
[Board "50"]
[White "Eynullayev, Altay"]
[Black "Zakhartsov, Vladimir"]
[Result "0-1"]
[WhiteElo "2220"]
[BlackElo "2461"]
[PlyCount "88"]
[EventDate "2017.10.21"]
[EventRounds "9"]
[EventCountry "RUS"]

1. d4 Nf6 2. c4 g6 3. Nc3 d5 4. Bf4 Bg7 5. e3 O-O 6. Nf3 c5 7. dxc5 Qa5 8. Rc1
dxc4 9. Bxc4 Qxc5 10. Bb3 Nc6 11. O-O Qa5 12. h3 Bf5 13. Qe2 Ne4 14. g4 Nxc3
15. bxc3 e5 16. Bg3 Bd7 17. Rfd1 Qc7 18. Qd3 Rad8 19. Bh4 Bxg4 20. Bxd8 Rxd8
21. Qe4 Bf5 22. Qh4 Rf8 23. e4 Bc8 24. Rc2 h6 25. Kh2 Nd8 26. Nd2 Ne6 27. Bxe6
Bxe6 28. Nf1 f5 29. Ne3 Qf7 30. exf5 gxf5 31. Rg1 Kh7 32. f3 Bf6 33. Qf2 Bg5
34. Re2 Qc7 35. h4 Be7 36. Rf1 Bc5 37. Qe1 Qf7 38. Rg2 Qh5 39. Nc2 Bc4 40. Rh1
Bd5 41. Rf1 f4 42. Rg4 Bxf3 43. Rxf3 Qxg4 44. Qe4+ Qg6  0-1

[Event "M.Chigorin Memorial 2017 "]
[Site "?????-?????????"]
[Date "2017.10.26"]
[Round "6"]
[Board "51"]
[White "Hakobyan, Hovhannes H."]
[Black "Solozhenkin, Evgeniy"]
[Result "0-1"]
[WhiteElo "2212"]
[BlackElo "2459"]
[PlyCount "98"]
[EventDate "2017.10.21"]
[EventRounds "9"]
[EventCountry "RUS"]

1. e4 c5 2. Nf3 e6 3. Nc3 a6 4. d4 cxd4 5. Nxd4 b5 6. Bd3 Qb6 7. Nde2 Nc6 8.
O-O Nf6 9. a4 b4 10. a5 Qc7 11. Na4 Nxa5 12. Bf4 Bd6 13. Bxd6 Qxd6 14. Qc1 O-O
15. Qg5 Qc7 16. e5 Nd5 17. Ng3 h6 18. Qg4 Qxe5 19. Rfe1 Qg5 20. Qxg5 hxg5 21.
Be4 Rb8 22. Bxd5 exd5 23. Nf5 d6 24. Nxd6 Nc4 25. Nxc4 dxc4 26. Nc5 Rb5 27.
Nxa6 Rd8 28. Kf1 c3 29. b3 Bf5 30. Re2 g4 31. f3 gxf3 32. gxf3 Rd4 33. Ra4 Kh7
34. Kf2 Bg6 35. Ke3 Rh4 36. f4 Rd5 37. Nxb4 Rh3+ 38. Kf2 Rxh2+ 39. Kg3 Rxe2 40.
Nxd5 Bxc2 41. Rc4 Bxb3 42. Nf6+ gxf6 43. Rxc3 Be6 44. Kf3 Rh2 45. Rc5 Kg6 46.
Ra5 Rh3+ 47. Kg2 Rb3 48. Kf2 f5 49. Ra8 Rf3+  0-1

[Event "M.Chigorin Memorial 2017 "]
[Site "?????-?????????"]
[Date "2017.10.26"]
[Round "6"]
[Board "52"]
[White "Kezin, Roman"]
[Black "Stukan, Martin"]
[Result "1-0"]
[WhiteElo "2455"]
[BlackElo "2215"]
[PlyCount "61"]
[EventDate "2017.10.21"]
[EventRounds "9"]
[EventCountry "RUS"]

1. d4 Nf6 2. Nf3 e6 3. c4 c5 4. d5 d6 5. Nc3 exd5 6. cxd5 g6 7. Bf4 Bg7 8. Qa4+
Bd7 9. Qb3 Qc7 10. e4 O-O 11. Bd3 Nh5 12. Be3 Na6 13. O-O Rab8 14. Nd2 b5 15.
Nxb5 Qd8 16. a4 Nc7 17. Qc2 Nxb5 18. axb5 Bxb5 19. Rxa7 Bxd3 20. Qxd3 Rxb2 21.
Nc4 Qb8 22. Ra3 Rb7 23. Ra6 Rb3 24. Qc2 Qb7 25. Qa2 Rb8 26. Nxd6 Qb4 27. Rc6
Bd4 28. Qa7 Rb1 29. Qxf7+ Kh8 30. Bxd4+ cxd4 31. g3  1-0

[Event "M.Chigorin Memorial 2017 "]
[Site "?????-?????????"]
[Date "2017.10.26"]
[Round "6"]
[Board "53"]
[White "Azimov, Ilyas"]
[Black "Malakhov, Igor"]
[Result "0-1"]
[WhiteElo "2195"]
[BlackElo "2446"]
[PlyCount "94"]
[EventDate "2017.10.21"]
[EventRounds "9"]
[EventCountry "RUS"]

1. d4 Nf6 2. Bf4 g6 3. e3 Bg7 4. Nd2 c5 5. c3 b6 6. Qb3 Nc6 7. Ngf3 O-O 8. Be2
d6 9. O-O e5 10. Bg5 exd4 11. exd4 cxd4 12. Nxd4 Nxd4 13. cxd4 Bb7 14. Bf3 Qd7
15. Rac1 Rac8 16. h3 Bxf3 17. Qxf3 Qe6 18. b3 Qd5 19. Qxd5 Nxd5 20. Ne4 Rce8
21. Nxd6 Re2 22. a4 h6 23. Bh4 f5 24. f3 Bxd4+ 25. Bf2 Ne3 26. Rfe1 Rxf2 27.
Kxf2 Nc2+ 28. Kf1 Nxe1 29. Kxe1 Bc5 30. Nb7 Re8+ 31. Kf1 Be7 32. Rc6 Kg7 33. g3
Bb4 34. Rc7+ Kf6 35. Rc6+ Ke5 36. Rc4 a5 37. Rc6 f4 38. gxf4+ Kxf4 39. Rf6+ Ke3
40. Rxg6 h5 41. Kg2 Rc8 42. Rxb6 Rc2+ 43. Kg1 Kxf3 44. Rb5 h4 45. Rd5 Bd2 46.
Nd6 Be3+ 47. Kh1 Rc1+  0-1

[Event "M.Chigorin Memorial 2017 "]
[Site "?????-?????????"]
[Date "2017.10.26"]
[Round "6"]
[Board "54"]
[White "Komov, Roman"]
[Black "Kozionov, Kirill"]
[Result "0-1"]
[WhiteElo "2168"]
[BlackElo "2433"]
[PlyCount "108"]
[EventDate "2017.10.21"]
[EventRounds "9"]
[EventCountry "RUS"]

1. d4 Nf6 2. Nf3 e6 3. c4 c5 4. d5 b5 5. Bg5 exd5 6. cxd5 h6 7. Bxf6 Qxf6 8.
Qc2 d6 9. e4 a6 10. a4 b4 11. Nbd2 g5 12. e5 dxe5 13. Ne4 Qd8 14. Nxc5 Ra7 15.
Ne4 f5 16. Ng3 b3 17. Qd2 g4 18. Be2 gxf3 19. Bxf3 Bd6 20. Bh5+ Kf8 21. O-O Rg7
22. Rac1 Bd7 23. f4 exf4 24. Ne2 Qb6+ 25. Kh1 Qb4 26. Rc3 Re7 27. Nxf4 Re4 28.
Ng6+ Kg7 29. Nxh8 Rh4 30. Nf7 Rxh2+ 31. Kg1 Rxh5 32. Nxd6 Qxd6 33. Qd4+ Kh7 34.
Rf4 Rg5 35. Rxb3 Be8 36. Rb6 Qc7 37. d6 Qa7 38. d7 Qxd7 39. Rxb8 Qc6 40. Rf2
Qc1+ 41. Rf1 Qc6 42. Rf2 Qc1+ 43. Rf1 Qc6 44. Qa7+ Rg7 45. Qf2 Bd7 46. Re1 Qxa4
47. Rb6 f4 48. b3 Qa5 49. Rc1 f3 50. g3 Qe5 51. Kh2 Qh5+ 52. Kg1 Qh3 53. Qc2+
Bf5 54. Qh2 f2+  0-1

[Event "M.Chigorin Memorial 2017 "]
[Site "?????-?????????"]
[Date "2017.10.26"]
[Round "6"]
[Board "55"]
[White "Faizrakhmanov, Ramil"]
[Black "Anchutin, Nikita"]
[Result "1/2-1/2"]
[WhiteElo "2421"]
[BlackElo "2219"]
[PlyCount "80"]
[EventDate "2017.10.21"]
[EventRounds "9"]
[EventCountry "RUS"]

1. d4 Nf6 2. c4 e6 3. Nf3 Bb4+ 4. Bd2 a5 5. Nc3 b6 6. g3 Bb7 7. Bg2 O-O 8. O-O
d5 9. cxd5 exd5 10. Qc2 Re8 11. a3 Bxc3 12. Bxc3 Ne4 13. Rfd1 Nd7 14. Be1 a4
15. Rac1 c6 16. e3 Qe7 17. Bb4 c5 18. dxc5 bxc5 19. Bc3 Ra6 20. Ne1 Rb6 21. Nd3
Rb3 22. Be1 Rc8 23. Nf4 Ndf6 24. Ne2 h6 25. Rd3 Ba6 26. Rxb3 axb3 27. Qd1 Bxe2
28. Qxe2 c4 29. f3 Nc5 30. Bc3 Na4 31. Qd2 Nxc3 32. Qxc3 Nd7 33. Bh3 Re8 34.
Bxd7 Qxd7 35. Rd1 Qf5 36. f4 Qc2 37. Qxc2 bxc2 38. Rc1 Rxe3 39. Rxc2 Rb3 40.
Rd2 c3  1/2-1/2

[Event "M.Chigorin Memorial 2017 "]
[Site "?????-?????????"]
[Date "2017.10.26"]
[Round "6"]
[Board "56"]
[White "Derli, Olga"]
[Black "Erenberg, Ariel"]
[Result "1-0"]
[WhiteElo "2162"]
[BlackElo "2401"]
[PlyCount "93"]
[EventDate "2017.10.21"]
[EventRounds "9"]
[EventCountry "RUS"]

1. e4 e5 2. Nf3 Nc6 3. Bb5 a6 4. Ba4 Nf6 5. O-O Be7 6. Re1 b5 7. Bb3 d6 8. h3
O-O 9. c3 Na5 10. Bc2 c5 11. d4 Nd7 12. Nbd2 exd4 13. cxd4 Nc6 14. Nf1 cxd4 15.
Nxd4 Nxd4 16. Qxd4 Ne5 17. Bf4 Bf6 18. Qb4 Be6 19. Rad1 a5 20. Qxb5 Rb8 21. Qa6
Rxb2 22. Bb3 Bxb3 23. axb3 Rxb3 24. Rxd6 Qa8 25. Rxf6 gxf6 26. Qxf6 Nd7 27. Qf5
Qc6 28. Rd1 Qe6 29. Qg5+ Qg6 30. Qxa5 Nf6 31. Rd6 Rb1 32. Qe5 Re8 33. Rxf6 Rxe5
34. Rxg6+ hxg6 35. Bxe5 Kf8 36. Bf6 Ke8 37. g4 Kd7 38. Kg2 Ke6 39. e5 Rb3 40.
Ne3 Rc3 41. h4 Rc8 42. h5 gxh5 43. gxh5 Rg8+ 44. Kh2 Kd7 45. h6 Rg6 46. Nf5 Ke6
47. h7  1-0

[Event "M.Chigorin Memorial 2017 "]
[Site "?????-?????????"]
[Date "2017.10.26"]
[Round "6"]
[Board "57"]
[White "Golikov, Daniil"]
[Black "Nikitenko, Mihail"]
[Result "1-0"]
[WhiteElo "2138"]
[BlackElo "2376"]
[PlyCount "47"]
[EventDate "2017.10.21"]
[EventRounds "9"]
[EventCountry "RUS"]

1. d4 d5 2. c4 c6 3. Nf3 Nf6 4. e3 e6 5. Nbd2 Nbd7 6. b3 Bd6 7. Bb2 b6 8. Bd3
Bb7 9. O-O O-O 10. Qe2 Qe7 11. e4 dxe4 12. Nxe4 Nxe4 13. Qxe4 f5 14. Qe2 c5 15.
Rad1 Rae8 16. Bb1 cxd4 17. Nxd4 Bb8 18. Qxe6+ Qxe6 19. Nxe6 Rxe6 20. Rxd7 Rf7
21. Bxf5 Rh6 22. Rd8+ Rf8 23. Rxf8+ Kxf8 24. h3  1-0